Nostalgia de la muerte /

Guardado en:
Detalles Bibliográficos
Autor principal: Villaurrutia, Xavier (autor)
Formato: Libro
Idioma:Español
Publicado: México : Mictlán, 1946
Temas:
Etiquetas: Agrega una etiqueta
Sin etiquetas, Sé el primero en etiquetar este registro!

MARC

LEADER 00000nam^a2200000^a^4500
001 000110242
005 20250521000000.0
009 20260310093750.575
037 |a Acervo ITESO - Biblioteca 
041 |a ESP 
082 |a 861.  |b VIL 
100 |a Villaurrutia, Xavier  |e (autor) 
240 1 1 |a [Nostalgia de la muerte] 
245 1 0 |a Nostalgia de la muerte /  |c X. Villaurrutia. 
264 1 |a México :  |b Mictlán,  |c 1946 
300 |a 118 p. 
336 |a texto  |b txt  |2 rdacontenido 
337 |a sin mediación  |b n  |2 rdamedio 
338 |a volumen  |b nc  |2 rdasoporte 
649 |a XX 
650 |a Poesía Mexicana 
650 |a Literatura Mexicana -  |y Siglo XX 
650 |a Literatura Gay y Lésbica -  |z México 
650 |a Contemporáneos (Literatura Mexicana) 
910 |a Fondo Salvador Reynoso Reynoso 
920 |a Impresos - Libros 
930 |a Fondos Especiales 
940 |a Literatura 
905 |a 112 
901 |a 0800000488  |b IT2  |c ESP  |u 20250521 
902 |a https://opac.biblio.iteso.mx/vufind/Record/000110242